Optical fibres and fibre optic communication system / (Record no. 79520)

MARC details
000 -LEADER
fixed length control field 00650nam a2200253Ia 4500
003 - CONTROL NUMBER IDENTIFIER
control field OSt
005 - DATE AND TIME OF LATEST TRANSACTION
control field 20230726152054.0
008 - FIXED-LENGTH DATA ELEMENTS--GENERAL INFORMATION
fixed length control field 210329s9999||||xx |||||||||||||| ||und||
020 ## - INTERNATIONAL STANDARD BOOK NUMBER
International Standard Book Number 8121914590
040 ## - CATALOGING SOURCE
Transcribing agency STCPL
041 ## - LANGUAGE CODE
Language code of text/sound track or separate title English
082 ## - DEWEY DECIMAL CLASSIFICATION NUMBER
Classification number 621. 382 7
Item number SUB-O
100 ## - MAIN ENTRY--PERSONAL NAME
Personal name Sarkar, Subir Kumar
245 #0 - TITLE STATEMENT
Title Optical fibres and fibre optic communication system /
Statement of responsibility, etc. by Subir Kumar Sarkar
260 ## - PUBLICATION, DISTRIBUTION, ETC.
Place of publication, distribution, etc. Ram nagar :
Name of publisher, distributor, etc. S.Chand & Company Ltd. ,
Date of publication, distribution, etc. 1997.
300 ## - PHYSICAL DESCRIPTION
Extent 366 p.
Other physical details Paper Back
650 ## - SUBJECT ADDED ENTRY--TOPICAL TERM
Topical term or geographic name entry element Physics
650 ## - SUBJECT ADDED ENTRY--TOPICAL TERM
Topical term or geographic name entry element Fibre cables
650 ## - SUBJECT ADDED ENTRY--TOPICAL TERM
Topical term or geographic name entry element Optical couplers
942 ## - ADDED ENTRY ELEMENTS (KOHA)
Koha item type Books
942 ## - ADDED ENTRY ELEMENTS (KOHA)
Source of classification or shelving scheme Dewey Decimal Classification
Suppress in OPAC No
942 ## - ADDED ENTRY ELEMENTS (KOHA)
Source of classification or shelving scheme Dewey Decimal Classification
Suppress in OPAC No
942 ## - ADDED ENTRY ELEMENTS (KOHA)
Source of classification or shelving scheme Dewey Decimal Classification
Suppress in OPAC No
Holdings
Withdrawn status Lost status Source of classification or shelving scheme Damaged status Collection code Not for loan Home library Current library Shelving location Date acquired Cost, normal purchase price Total Checkouts Full call number Barcode Date last seen Price effective from Koha item type
    Dewey Decimal Classification   Physics   ST. THOMAS COLLEGE LIBRARY, PALAI ST. THOMAS COLLEGE LIBRARY, PALAI Physics 2021-07-10 110.00   621.382 7 SUB-O 69358 2021-07-10 2021-07-10 Books
    Dewey Decimal Classification   Physics   ST. THOMAS COLLEGE LIBRARY, PALAI ST. THOMAS COLLEGE LIBRARY, PALAI Physics 2021-07-10 110.00   621.382 7 SUB-O 69359 2021-07-10 2021-07-10 Books
Rights reserved ©2021 ST. THOMAS COLLEGE LIBRARY
A joint venture of - St. Thomas College Library and
Department of Computer Science, St. Thomas Collge Palai